000 01059nam a2200301Ia 4500
000 nam a22 i 4500
001 UNACH-9822
007 ta
008 221212s ||||fr|||| 00| | spa d
020 _a978-6-07-170282-1
041 0 _aspa
082 0 4 _a371.3
_bDidáctica o dirección de Aprendizaje
100 1 _aCampos Ramos, Miguel,
_eautor
240 1 0 _aUn manual práctico para su aplicación en la casa y en la escuela
245 1 0 _aPor qué leer, Qué leer y Cómo leer
264 3 1 _aMéxico D. F :
_bEditorial Trillas,
_c2009
300 _a53 páginas
336 _atexto
_btxt
_2rdacontent
337 _ano mediado
_bn
_2rdamedia
338 _avolumen
_bnc
_2rdacarrier
504 _aIncluye Índice de contenido, Bibliografía.
505 0 _aPor qué leer.-- Qué leer.-- Pedro Páramo y el conocimiento.-- El príncipe y la suerte o la fortuna.-- Cómo leer.-- Estrategias para la casa.-- Estrategias para la escuela.
650 1 4 _aPOR QUÉ LEER
650 2 4 _aCÓMO LEER
650 2 4 _aQUÉ LEER
942 _2ddc
_c1
_n0
999 _c8002
_d8002